[Event "XVIII Festival A"]
[Site "Robecchetto con Induno ITA"]
[Date "2007.12.28"]
[Round "2"]
[White "Albrizio, Mauro"]
[Black "Tagliaferri, Valerio"]
[Result "0-1"]
[WhiteElo "1692"]
[BlackElo "1839"]
[PlyCount "100"]
[EventDate "2007.12.27"]

1. e4 c5 2. Nf3 d6 3. d4 cxd4 4. Nxd4 Nf6 5. Nc3 g6 6. Be3 Bg7 7. Be2 Nc6 8.
O-O O-O 9. f4 Nxd4 10. Bxd4 Qa5 11. Bf3 Rd8 12. Be3 Be6 13. Qe2 Rac8 14. Nd5
Nxd5 15. exd5 Bxd5 16. Bxd5 Qxd5 17. c3 a6 18. g4 e5 19. f5 Qe4 20. Rf2 f6 21.
fxg6 hxg6 22. Qd2 Qxg4+ 23. Rg2 Qe4 24. Re1 Rd7 25. Bh6 Bxh6 26. Rxe4 Bxd2 27.
Rxd2 f5 28. Rxe5 Kf7 29. Kf2 Rc4 30. Kf3 b5 31. Re3 g5 32. Red3 Rf4+ 33. Kg3
Ke6 34. Re3+ Kf6 35. Red3 Ke5 36. h3 d5 37. Rd4 Rxd4 38. Rxd4 Rc7 39. a4 Rc4
40. axb5 axb5 41. Rd2 Re4 42. Kf3 f4 43. Kg4 Re3 44. Kxg5 Rg3+ 45. Kh4 Ke4 46.
Rd4+ Ke5 47. Rd2 Rg8 48. Rd4 f3 49. Rd1 f2 50. Rf1 Rg2 0-1

[Event "XVIII Festival A"]
[Site "Robecchetto con Induno ITA"]
[Date "2007.12.28"]
[Round "2"]
[White "Astengo, Marcello"]
[Black "D'Apa, Stefano"]
[Result "1-0"]
[WhiteElo "2024"]
[BlackElo "2140"]
[PlyCount "60"]
[EventDate "2007.12.27"]

1. d4 Nf6 2. c4 e6 3. Nc3 Bb4 4. Qc2 O-O 5. Nf3 c5 6. dxc5 Na6 7. a3 Bxc3+ 8.
Qxc3 Nxc5 9. Qc2 b6 10. Bg5 Bb7 11. e3 Rc8 12. Be2 Nce4 13. Bf4 Qe7 14. O-O d5
15. Qb3 Nc5 16. Qa2 dxc4 17. Bxc4 Rfd8 18. Rad1 a6 19. Qb1 b5 20. Be2 Be4 21.
Qa1 Nd5 22. Be5 Bc2 23. b4 Bxd1 24. Rxd1 Ne4 25. Bf1 f6 26. Bd4 Rc2 27. Bd3 e5
28. Bxe4 exd4 29. Bxc2 Nc3 30. Re1 d3 1-0

[Event "XVIII Festival A"]
[Site "Robecchetto con Induno ITA"]
[Date "2007.12.28"]
[Round "2"]
[White "Barlocco, Carlo"]
[Black "Burlando, Alessandro"]
[Result "0-1"]
[WhiteElo "2134"]
[BlackElo "2058"]
[PlyCount "104"]
[EventDate "2007.12.27"]

1. g3 g6 2. Bg2 Bg7 3. e4 c5 4. d3 Nc6 5. f4 d6 6. Nf3 Bg4 7. h3 Bxf3 8. Qxf3
Nd4 9. Qf2 Qa5+ 10. Nc3 Nb3 11. cxb3 Bxc3+ 12. bxc3 Qxc3+ 13. Qd2 Qxa1 14. Ke2
Qf6 15. e5 dxe5 16. Bxb7 Rb8 17. Bf3 exf4 18. Bb2 Qe6+ 19. Kd1 f6 20. Qxf4 Rd8
21. Kd2 Qa6 22. Qe3 Qxa2 23. Kc2 Qa6 24. Ra1 Qb6 25. Ra4 c4 26. Qxb6 cxd3+ 27.
Kd2 axb6 28. Ra6 Nh6 29. Rxb6 O-O 30. Ba3 Nf5 31. g4 Nd4 32. Be4 Rb8 33. Ra6
Nxb3+ 34. Kxd3 Rfd8+ 35. Ke3 Rd7 36. Bc6 Rc7 37. Bd5+ Kg7 38. Re6 Nc5 39. Bxc5
Rxc5 40. Rxe7+ Kh6 41. Kd4 Ra5 42. Rd7 Ra3 43. Be6 Re8 44. Rd6 Rxe6 45. Rxe6
Rxh3 46. Rxf6 Kg5 47. Rf7 Kxg4 48. Ke4 g5 49. Rf1 h5 50. Rg1+ Rg3 51. Ra1 h4
52. Ra8 h3 0-1

[Event "XVIII Festival A"]
[Site "Robecchetto con Induno ITA"]
[Date "2007.12.28"]
[Round "2"]
[White "Battistella, Gianmaria"]
[Black "Colombo, Sandro"]
[Result "0-1"]
[WhiteElo "1739"]
[BlackElo "1868"]
[PlyCount "37"]
[EventDate "2007.12.27"]

1. d4 d5 2. Nf3 c5 3. c3 Nf6 4. Bf4 Nc6 5. e3 Bg4 6. h3 Bh5 7. Nbd2 e6 8. Qb3
Qb6 9. Ne5 Nxe5 10. Bxe5 Qxb3 11. Nxb3 c4 12. Nd2 b5 13. b4 a5 14. a3 axb4 15.
cxb4 Bxb4 16. Rb1 Bxd2+ 17. Kxd2 Ne4+ 18. Ke1 Rxa3 19. f3 0-1

[Event "XVIII Festival A"]
[Site "Robecchetto con Induno ITA"]
[Date "2007.12.28"]
[Round "2"]
[White "Bernasconi, Roberto"]
[Black "Cervini, Gian Piero"]
[Result "1/2-1/2"]
[WhiteElo "1940"]
[BlackElo "1766"]
[PlyCount "70"]
[EventDate "2007.12.27"]

1. e4 d6 2. d4 Nf6 3. Nc3 g6 4. f4 Bg7 5. Nf3 O-O 6. Bd3 c5 7. dxc5 dxc5 8. O-O
Nc6 9. Be3 b6 10. Kh1 Qc7 11. Qe1 Nb4 12. Ne5 Nd7 13. Nb5 Qb7 14. Qg3 Nxe5 15.
fxe5 Be6 16. a3 Nxd3 17. cxd3 c4 18. Bf4 Rfd8 19. Rfd1 cxd3 20. Rxd3 Qxe4 21.
Re3 Qc2 22. b4 Rd1+ 23. Rxd1 Qxd1+ 24. Re1 Qg4 25. Qf2 Rd8 26. h3 Qh5 27. Kh2
Qf5 28. Nd4 Qd3 29. Nxe6 fxe6 30. Re3 Qd4 31. Qg3 Rd5 32. h4 Kf7 33. Kh3 Qd1
34. Qf2 Rd2 35. Qg3 Qh1+ 1/2-1/2

[Event "XVIII Festival A"]
[Site "Robecchetto con Induno ITA"]
[Date "2007.12.28"]
[Round "2"]
[White "Bianchi, Alberto"]
[Black "Marinescu, Marian"]
[Result "1/2-1/2"]
[WhiteElo "2014"]
[BlackElo "2129"]
[PlyCount "147"]
[EventDate "2007.12.27"]

1. e4 c5 2. Nf3 d6 3. Nc3 Nc6 4. d4 cxd4 5. Nxd4 g6 6. Be3 Bg7 7. Qd2 Nf6 8. f3
O-O 9. O-O-O Nxd4 10. Bxd4 Be6 11. Kb1 Qc7 12. g4 Rfc8 13. g5 Nh5 14. Bxg7 Nxg7
15. Bd3 Qa5 16. Nd5 Qxd2 17. Rxd2 Bxd5 18. exd5 Rc5 19. Be4 Nh5 20. Rg1 Rac8
21. c3 Kg7 22. Bc2 Rc4 23. Re1 R8c7 24. Rde2 Kf8 25. Re4 f5 26. gxf6 Nxf6 27.
Rxc4 Rxc4 28. Be4 g5 29. Kc2 Nxe4 30. fxe4 Kg7 31. Kd3 Rc8 32. e5 Rf8 33. exd6
exd6 34. Re2 h5 35. b4 b5 36. a4 bxa4 37. Ra2 g4 38. Rxa4 Rf7 39. c4 h4 40. Ra2
Kg6 41. c5 Kg5 42. cxd6 g3 43. hxg3 hxg3 44. Ke4 Kf6 45. Kf4 Rb7 46. Kxg3 Ke5
47. Re2+ Kxd6 48. Rd2 Rxb4 49. Ra2 Rb7 50. Kf3 Kxd5 51. Ke3 Kc4 52. Kd2 Kb3 53.
Ra5 Kb2 54. Kd3 Kb3 55. Kd2 Rc7 56. Ra6 Kb2 57. Kd3 Kb3 58. Kd2 Kb4 59. Kd1 Kb5
60. Ra2 a5 61. Rc2 Rh7 62. Kc1 Kb4 63. Kb2 a4 64. Rg2 Rh4 65. Rf2 Rg4 66. Rh2
Rf4 67. Rg2 Rh4 68. Rf2 a3+ 69. Ka2 Rg4 70. Rh2 Rd4 71. Rf2 Rd3 72. Rf4+ Kc5
73. Rf8 Rd2+ 74. Kxa3 1/2-1/2

[Event "XVIII Festival A"]
[Site "Robecchetto con Induno ITA"]
[Date "2007.12.28"]
[Round "2"]
[White "Brunetti, Alessandro"]
[Black "Brugo, Marco"]
[Result "0-1"]
[WhiteElo "2002"]
[BlackElo "2104"]
[PlyCount "52"]
[EventDate "2007.12.27"]

1. e4 e6 2. d4 d5 3. exd5 exd5 4. Bd3 Bd6 5. c3 Ne7 6. Qf3 Be6 7. Ne2 Qd7 8. h3
Nbc6 9. Ng3 O-O-O 10. b4 f5 11. a4 f4 12. Nh5 Ng6 13. Kf1 Nh4 14. Qd1 Qf7 15.
a5 g6 16. b5 Nb8 17. Qa4 gxh5 18. b6 a6 19. bxc7 Qxc7 20. Nd2 Qxc3 21. Be2 Bd7
22. Qa2 Bb5 23. Bxb5 axb5 24. Nb3 Qd3+ 25. Kg1 Rhg8 26. f3 Rxg2+ 0-1

[Event "XVIII Festival A"]
[Site "Robecchetto con Induno ITA"]
[Date "2007.12.28"]
[Round "2"]
[White "Caloni, Ugo"]
[Black "D'Apa, Matteo"]
[Result "1-0"]
[WhiteElo "2155"]
[BlackElo "2085"]
[PlyCount "109"]
[EventDate "2007.12.27"]

1. d4 d5 2. c4 c6 3. Nc3 Nf6 4. Nf3 e6 5. Bf4 Bd6 6. Bxd6 Qxd6 7. e3 Nbd7 8. c5
Qe7 9. b4 e5 10. Be2 e4 11. Nd2 O-O 12. O-O Ne8 13. b5 f5 14. f4 exf3 15. Rxf3
Ndf6 16. Qb3 Kh8 17. Nf1 g6 18. a4 Nc7 19. a5 Bd7 20. a6 Rfb8 21. b6 axb6 22.
a7 Re8 23. Qxb6 Bc8 24. Bd3 Ne6 25. Na4 Nd7 26. Qa5 Qg7 27. Kh1 Qe7 28. Nb6
Nxb6 29. cxb6 Nf8 30. Rb1 Nd7 31. Rf2 Nf6 32. h3 Nh5 33. Be2 Nf6 34. Bd3 Nh5
35. Qd2 Qh4 36. Rf3 Kg7 37. Qf2 Qe7 38. Ng3 Nf6 39. Qc2 Kg8 40. Rbf1 Ne4 41.
Bxe4 dxe4 42. Rf4 Be6 43. Rc1 Red8 44. Rff1 Rd5 45. Ne2 Qf7 46. Nc3 Ra5 47. Ra1
Bb3 48. Qb2 Rxa1 49. Rxa1 Bd5 50. Qf2 Qe7 51. Qf4 Kf7 52. Nxd5 cxd5 53. Qb8 Qd8
54. Qxb7+ Kf6 55. Qc6+ 1-0

[Event "XVIII Festival A"]
[Site "Robecchetto con Induno ITA"]
[Date "2007.12.28"]
[Round "2"]
[White "Cardani, Roberto"]
[Black "Ronconi, Fausto"]
[Result "1-0"]
[WhiteElo "1923"]
[BlackElo "1720"]
[PlyCount "89"]
[EventDate "2007.12.27"]

1. e4 e6 2. d4 d5 3. Nc3 dxe4 4. Nxe4 Nd7 5. Nf3 Ndf6 6. Nxf6+ Nxf6 7. Bd3 Be7
8. Bg5 b6 9. Qe2 Bb7 10. O-O O-O 11. Rad1 h6 12. Bc1 Bd6 13. Ne5 Be7 14. c4 Kh8
15. b3 Qe8 16. Bb1 c5 17. Bb2 Rd8 18. Kh1 Rd6 19. f4 Qa8 20. f5 Be4 21. Bxe4
Qxe4 22. Qxe4 Nxe4 23. fxe6 Rxe6 24. d5 Rf6 25. Kg1 Rxf1+ 26. Rxf1 Bf6 27. Re1
Nd6 28. Nd7 Re8 29. Rxe8+ Nxe8 30. Nxf6 gxf6 31. Kf2 Kg7 32. g4 Kg6 33. Kf3 Nd6
34. Kf4 a6 35. h4 b5 36. h5+ Kg7 37. cxb5 axb5 38. a4 bxa4 39. bxa4 Nc4 40. Bc1
Kf8 41. Kf5 Ke7 42. Bxh6 Nb6 43. Bg7 Nxd5 44. h6 Ne3+ 45. Ke4 1-0

[Event "XVIII Festival A"]
[Site "Robecchetto con Induno ITA"]
[Date "2007.12.28"]
[Round "2"]
[White "Cereda, Loris"]
[Black "Raselli, Claudio"]
[Result "0-1"]
[WhiteElo "2052"]
[BlackElo "1958"]
[PlyCount "92"]
[EventDate "2007.12.27"]

1. d4 f5 2. g3 Nf6 3. Bg2 e6 4. Nh3 d5 5. O-O c6 6. Nd2 Bd6 7. Nf3 O-O 8. Bf4
Be7 9. Be5 Nbd7 10. Nf4 Nxe5 11. Nxe5 Bd6 12. Nfd3 Bd7 13. h4 Be8 14. Qd2 Bxe5
15. Nxe5 Nd7 16. Qf4 Nxe5 17. Qxe5 Qf6 18. Qxf6 Rxf6 19. e3 Bh5 20. Rfc1 Rff8
21. c4 Rfc8 22. Kf1 Kf8 23. cxd5 cxd5 24. Ke1 Ke7 25. Kd2 Kd7 26. f3 Bg6 27.
Rxc8 Rxc8 28. Rc1 Rxc1 29. Kxc1 h6 30. Kd2 Kd6 31. Kc3 Kc6 32. g4 fxg4 33. fxg4
Bb1 34. a3 g5 35. hxg5 hxg5 36. Bf3 Bg6 37. Be2 Be4 38. Kb4 Bg2 39. a4 a6 40.
Ka5 Be4 41. b4 Kc7 42. Bxa6 bxa6 43. Kxa6 Kb8 44. b5 Bf3 45. Ka5 Bxg4 46. Kb4
Bd1 0-1

[Event "XVIII Festival A"]
[Site "Robecchetto con Induno ITA"]
[Date "2007.12.28"]
[Round "2"]
[White "Fizzotti, Mario"]
[Black "Di Chiara, Mauro"]
[Result "0-1"]
[WhiteElo "1843"]
[BlackElo "1747"]
[PlyCount "108"]
[EventDate "2007.12.27"]

1. d4 d6 2. c4 f5 3. Nf3 Nf6 4. g3 g6 5. Bg2 Bg7 6. O-O O-O 7. Nc3 Nc6 8. d5
Ne5 9. Qb3 Nxf3+ 10. exf3 e5 11. dxe6 Bxe6 12. Re1 Nd7 13. Nd5 Bxd5 14. cxd5
Nc5 15. Qc2 Qd7 16. Rb1 a5 17. Bd2 b6 18. b3 Rae8 19. Bc3 Rxe1+ 20. Rxe1 Re8
21. Bf1 Rxe1 22. Bxe1 Qe7 23. Bc3 Bxc3 24. Qxc3 Qe5 25. Qe3 Qxe3 26. fxe3 Kf7
27. Kf2 Kf6 28. Bb5 Ke5 29. Bc4 g5 30. f4+ gxf4 31. exf4+ Kd4 32. Ke2 a4 33.
Kd2 axb3 34. axb3 Ne4+ 35. Kc2 Nf6 36. Bd3 Nxd5 37. Be2 Ke3 38. Bc4 Nb4+ 39.
Kc3 d5 40. Kxb4 dxc4 41. Kxc4 c6 42. b4 Kf3 43. Kd4 h5 44. Ke5 c5 45. bxc5 bxc5
46. Kd5 c4 47. Kxc4 Kg2 48. Kd5 Kxh2 49. Ke5 Kxg3 50. Kxf5 h4 51. Kg5 h3 52. f5
h2 53. f6 h1=Q 54. f7 Qh8 0-1

[Event "XVIII Festival A"]
[Site "Robecchetto con Induno ITA"]
[Date "2007.12.28"]
[Round "2"]
[White "Garbarini, Cristiano"]
[Black "Brioschi, Camillo"]
[Result "1-0"]
[WhiteElo "1817"]
[BlackElo "1943"]
[PlyCount "77"]
[EventDate "2007.12.27"]

1. d4 Nf6 2. Nc3 d5 3. e4 Nxe4 4. Nxe4 dxe4 5. Bc4 Bf5 6. g4 Bg6 7. Ne2 e6 8.
h4 h6 9. Nf4 Nc6 10. Nxg6 fxg6 11. c3 Qf6 12. Qe2 Na5 13. Bb5+ c6 14. Ba4 Qf3
15. Qxf3 exf3 16. Bd1 Bd6 17. Bxf3 Kf7 18. Be2 c5 19. dxc5 Bc7 20. Be3 Nc6 21.
O-O-O Rhd8 22. b4 a6 23. Rxd8 Rxd8 24. a4 Ne7 25. c4 Nc6 26. b5 Nb4 27. Rd1 a5
28. Rxd8 Bxd8 29. g5 Ke8 30. Bf3 Nd3+ 31. Kb1 Ne5 32. Bxb7 Nxc4 33. Bc6+ Kf7
34. Bf4 e5 35. gxh6 gxh6 36. Bxh6 Ke6 37. Bg5 Bc7 38. b6 Bb8 39. Bd8 1-0

[Event "XVIII Festival A"]
[Site "Robecchetto con Induno ITA"]
[Date "2007.12.28"]
[Round "2"]
[White "Griffa, Roberto"]
[Black "Marinone, Lucio"]
[Result "1/2-1/2"]
[WhiteElo "2108"]
[BlackElo "2015"]
[PlyCount "42"]
[EventDate "2007.12.27"]

1. d4 Nf6 2. Nc3 d6 3. e4 c6 4. Be3 Nbd7 5. Nf3 e5 6. dxe5 dxe5 7. Bc4 Bb4 8.
Qd3 O-O 9. O-O Bxc3 10. bxc3 Qa5 11. Nd2 Nc5 12. Nb3 Nxd3 13. Nxa5 Nf4 14. f3
b5 15. Bb3 Bd7 16. Kf2 Rfc8 17. Rfd1 c5 18. Bxf4 exf4 19. Bxf7+ Kxf7 20. e5
Ng4+ 21. fxg4 Bxg4 1/2-1/2

[Event "XVIII Festival A"]
[Site "Robecchetto con Induno ITA"]
[Date "2007.12.28"]
[Round "2"]
[White "La Torre, Giovanni"]
[Black "Damia, Angelo"]
[Result "1/2-1/2"]
[WhiteElo "2070"]
[BlackElo "2266"]
[PlyCount "56"]
[EventDate "2007.12.27"]

1. Nf3 Nf6 2. g3 b6 3. Bg2 Bb7 4. O-O e6 5. c4 c5 6. Nc3 Be7 7. e3 O-O 8. d4 d5
9. Ne5 Nbd7 10. Qa4 cxd4 11. exd4 Nxe5 12. dxe5 Nd7 13. cxd5 exd5 14. Nxd5 Nxe5
15. Rd1 Qe8 16. Qb3 Rd8 17. Bf4 Ng6 18. Nxe7+ Qxe7 19. Re1 Qd7 20. Rad1 Qg4 21.
h3 Qc8 22. Rxd8 Rxd8 23. Rc1 Qd7 24. Rc7 Qd1+ 25. Qxd1 Rxd1+ 26. Kh2 Bxg2 27.
Rc8+ Nf8 28. Kxg2 f6 1/2-1/2

[Event "XVIII Festival A"]
[Site "Robecchetto con Induno ITA"]
[Date "2007.12.28"]
[Round "2"]
[White "Marchesotti, Giovanni"]
[Black "Autino, Massimiliano"]
[Result "1/2-1/2"]
[WhiteElo "1668"]
[BlackElo "1827"]
[PlyCount "81"]
[EventDate "2007.12.27"]

1. c4 e5 2. Nc3 d6 3. Nf3 Nf6 4. d3 Nbd7 5. e4 Be7 6. Be2 O-O 7. O-O c6 8. Bd2
a6 9. a3 b5 10. b4 Bb7 11. Qb3 Nb6 12. a4 bxc4 13. dxc4 Rb8 14. a5 Nbd7 15. Qa4
Ba8 16. Rab1 d5 17. cxd5 cxd5 18. exd5 Nxd5 19. Nxd5 Bxd5 20. Rfc1 Bxf3 21.
Bxf3 Nc5 22. bxc5 Qxd2 23. Qd1 Qxa5 24. Ra1 Qb4 25. c6 Rfd8 26. Qe2 Rbc8 27.
Qxa6 Rc7 28. Rab1 Qf4 29. Re1 Rdc8 30. Rb7 Bd6 31. Rxc7 Rxc7 32. Qa8+ Bf8 33.
Qb8 Qd2 34. Rd1 Qa5 35. Bg4 Qa7 36. Qxa7 Rxa7 37. Bd7 Rc7 38. Rb1 g6 39. Rb7
Rxb7 40. cxb7 Bd6 41. Kf1 1/2-1/2

[Event "XVIII Festival A"]
[Site "Robecchetto con Induno ITA"]
[Date "2007.12.28"]
[Round "2"]
[White "Pepa, Syrja"]
[Black "Madaschi, Sergio"]
[Result "1-0"]
[WhiteElo "1828"]
[BlackElo "1632"]
[PlyCount "67"]
[EventDate "2007.12.27"]

1. e4 e5 2. Nf3 Nc6 3. Bb5 a6 4. Ba4 Nf6 5. O-O Be7 6. Re1 b5 7. Bb3 d6 8. c3
O-O 9. d4 Bg4 10. d5 Na5 11. Bc2 Nc4 12. b3 Nb6 13. Nbd2 Re8 14. h3 Bd7 15. Nf1
c5 16. Ng3 h6 17. Be3 Bf8 18. Nh2 g6 19. Qd2 Kh7 20. f4 exf4 21. Bxf4 Qc7 22.
Rf1 Bg7 23. Rae1 Re7 24. Nf3 Ne8 25. Nh5 gxh5 26. e5+ Kg8 27. Bxh6 f6 28. e6
Bc8 29. Nh4 Bxh6 30. Qxh6 Rh7 31. Qg6+ Qg7 32. Qxe8+ Qf8 33. Bxh7+ Kg7 34. Nf5+
1-0

[Event "XVIII Festival A"]
[Site "Robecchetto con Induno ITA"]
[Date "2007.12.28"]
[Round "2"]
[White "Primerano, Carlo"]
[Black "Romano, Zeno"]
[Result "0-1"]
[WhiteElo "1761"]
[BlackElo "1931"]
[PlyCount "88"]
[EventDate "2007.12.27"]

1. d4 d5 2. c4 e6 3. Nc3 Nf6 4. cxd5 exd5 5. Bg5 Be7 6. e3 O-O 7. Bd3 c6 8. Qc2
Nbd7 9. Nf3 Re8 10. O-O Nf8 11. Rab1 Ne4 12. Bxe7 Qxe7 13. b4 Nxc3 14. Qxc3 Be6
15. b5 cxb5 16. Rxb5 Rec8 17. Qb2 Rc7 18. Rb1 b6 19. Rc1 Rac8 20. Rxc7 Qxc7 21.
h3 Nd7 22. Rb3 Nf6 23. Ba6 Qc1+ 24. Qxc1 Rxc1+ 25. Kh2 Rc2 26. a4 Ra2 27. Bb5
Ne4 28. Ne5 Nxf2 29. Nc6 Nxh3 30. Nxa7 Ng5 31. Bc6 Nf3+ 32. Kg3 Ne1 33. Rxb6
Rxg2+ 34. Kf4 f6 35. e4 Rg4+ 36. Ke3 Rxe4+ 37. Kf2 Nd3+ 38. Kg3 h5 39. Rb8+ Kh7
40. Nb5 h4+ 41. Kh2 Re2+ 42. Kg1 Nb4 43. Nc3 Rc2 44. Rxb4 h3 0-1

[Event "XVIII Festival A"]
[Site "Robecchetto con Induno ITA"]
[Date "2007.12.28"]
[Round "2"]
[White "Quirico, Paolo"]
[Black "Agrifoglio, Fabio"]
[Result "1-0"]
[WhiteElo "2092"]
[BlackElo "1989"]
[PlyCount "55"]
[EventDate "2007.12.27"]

1. d4 e6 2. Nf3 c5 3. e3 Nf6 4. Nbd2 d5 5. Bd3 Nc6 6. c3 Bd6 7. O-O O-O 8. dxc5
Bxc5 9. e4 Qc7 10. exd5 exd5 11. Nb3 Bb6 12. h3 Bxh3 13. gxh3 Qg3+ 14. Kh1
Qxh3+ 15. Nh2 Ne5 16. Be2 h5 17. Nd4 Neg4 18. Bf4 Nxh2 19. Bxh2 Bc7 20. f4 g5
21. Rf3 Qd7 22. fxg5 Ng4 23. Bxc7 Qxc7 24. Qg1 Rae8 25. Raf1 Re4 26. Bd3 Re5
27. Nf5 Kh8 28. Rh3 1-0

[Event "XVIII Festival A"]
[Site "Robecchetto con Induno ITA"]
[Date "2007.12.28"]
[Round "2"]
[White "Stella, Andrea"]
[Black "Corti, Corrado"]
[Result "1-0"]
[WhiteElo "2123"]
[BlackElo "2038"]
[PlyCount "85"]
[EventDate "2007.12.27"]

1. d4 d5 2. c4 e6 3. Nc3 c6 4. cxd5 exd5 5. Bf4 Nf6 6. e3 Nbd7 7. Bd3 Be7 8.
Qc2 O-O 9. Nf3 Re8 10. O-O Nf8 11. Rab1 Nh5 12. Bg3 Nxg3 13. hxg3 g6 14. b4 a6
15. a4 Ne6 16. Rfd1 Nc7 17. Rdc1 Bd6 18. b5 cxb5 19. axb5 Ba3 20. Rd1 axb5 21.
Nxb5 Nxb5 22. Bxb5 Re6 23. Qa2 Ra5 24. Bd3 Be7 25. Qd2 b6 26. Rdc1 Bb7 27. Qc2
Rc6 28. Qd1 Rxc1 29. Qxc1 Ba6 30. Bxa6 Rxa6 31. Qc6 Bf8 32. Ne5 Ra2 33. Qxb6
Qg5 34. Qb3 Ra3 35. Qxd5 Qf5 36. e4 Qf6 37. Nd7 Qg7 38. e5 Ra6 39. Nf6+ Kh8 40.
Qc4 Ra8 41. Qd5 Ra6 42. g4 g5 43. Qd8 1-0

[Event "XVIII Festival A"]
[Site "Robecchetto con Induno ITA"]
[Date "2007.12.28"]
[Round "2"]
[White "Virzi, Ettore"]
[Black "Astengo, Corrado"]
[Result "0-1"]
[WhiteElo "1956"]
[BlackElo "2122"]
[PlyCount "142"]
[EventDate "2007.12.27"]

1. e4 c6 2. c4 e5 3. Nc3 Nf6 4. Nf3 Bb4 5. Qc2 d6 6. a3 Ba5 7. Be2 O-O 8. O-O
Bg4 9. d3 Nbd7 10. Ne1 Bxe2 11. Qxe2 Bxc3 12. bxc3 d5 13. cxd5 cxd5 14. exd5
Nxd5 15. c4 N5f6 16. Bg5 Qc7 17. Nf3 Rfe8 18. Rfe1 e4 19. Bxf6 Nxf6 20. dxe4
Rxe4 21. Qb2 Rxc4 22. Rad1 Rc2 23. Qd4 h6 24. Ne5 Re8 25. g3 Qc5 26. Qxc5 Rxc5
27. f4 Rc3 28. a4 Rc2 29. Rb1 Re7 30. a5 Ra2 31. Ra1 Rxa1 32. Rxa1 Rc7 33. Ra2
Nd7 34. Nxd7 Rxd7 35. h4 h5 36. Kf2 Kf8 37. Ra3 Ke7 38. Ke3 Rc7 39. Kd4 Kf6 40.
Ke4 Ke6 41. Rb3 g6 42. Rb4 f6 43. Rb5 Rc4+ 44. Kf3 Ra4 45. f5+ gxf5 46. Rxb7
Rxa5 47. Rh7 f4 48. gxf4 a6 49. Rh8 Kf7 50. Ra8 Kg6 51. Rh8 Rb5 52. Ra8 a5 53.
Rh8 a4 54. Ra8 Rb4 55. Ra5 Rc4 56. Kg3 Rc3+ 57. Kg2 a3 58. Kh2 f5 59. Ra6+ Kf7
60. Kg2 Ke7 61. Ra5 Ke6 62. Re5+ Kf6 63. Ra5 Rc2+ 64. Kg3 a2 65. Ra6+ Ke7 66.
Ra8 Kd6 67. Ra7 Kd5 68. Ra8 Kc4 69. Ra7 Kb3 70. Rb7+ Kc3 71. Ra7 Kb2 0-1

[Event "XVIII Festival A"]
[Site "Robecchetto con Induno ITA"]
[Date "2007.12.28"]
[Round "3"]
[White "Agrifoglio, Fabio"]
[Black "Tagliaferri, Valerio"]
[Result "0-1"]
[WhiteElo "1989"]
[BlackElo "1839"]
[PlyCount "114"]
[EventDate "2007.12.27"]

1. d4 Nf6 2. c4 e6 3. Nc3 c5 4. d5 exd5 5. cxd5 d6 6. e4 g6 7. Bb5+ Bd7 8. a4
Bg7 9. f4 a6 10. Bd3 Bg4 11. Qc2 Qa5 12. h3 Bc8 13. Nf3 Nbd7 14. Bd2 Qc7 15.
Bc4 b6 16. O-O O-O 17. Rae1 Re8 18. Nb1 Rb8 19. Qd3 Bb7 20. g4 Re7 21. Bc3 Rbe8
22. e5 b5 23. Na3 bxc4 24. Nxc4 Qb8 25. exf6 Nxf6 26. Nb6 Qd8 27. a5 Rxe1 28.
Rxe1 Rxe1+ 29. Nxe1 Qe8 30. Nc2 Qe4 31. Qxe4 Nxe4 32. Bxg7 Kxg7 33. Ne3 Nd2 34.
Kf2 Kf8 35. Ke2 Nb3 36. Nbc4 Ke7 37. Kd3 f6 38. Ke4 Nd4 39. f5 g5 40. b4 Nb3
41. bxc5 Nxc5+ 42. Kd4 Nb3+ 43. Kc3 Nc5 44. Nd2 Kd8 45. Kd4 Kc7 46. Nf3 Nb3+
47. Kc3 Nxa5 48. Nc4 Bxd5 49. Nxd6 Kxd6 50. Ne1 Nc6 51. Kd3 Ke5 52. Kc3 Be4 53.
Kc4 Kf4 54. Kc5 Kg3 55. Kd6 Kxh3 56. Ke6 Kxg4 57. Kxf6 h5 0-1

[Event "XVIII Festival A"]
[Site "Robecchetto con Induno ITA"]
[Date "2007.12.28"]
[Round "3"]
[White "Astengo, Corrado"]
[Black "Griffa, Roberto"]
[Result "1/2-1/2"]
[WhiteElo "2122"]
[BlackElo "2108"]
[PlyCount "27"]
[EventDate "2007.12.27"]

1. e4 d5 2. exd5 Qxd5 3. Nc3 Qd6 4. d4 Nf6 5. g3 Bg4 6. Be2 Bxe2 7. Ngxe2 Nc6
8. Bf4 Qd7 9. Qd2 O-O-O 10. O-O-O Qf5 11. Qd3 Qa5 12. Qb5 Qxb5 13. Nxb5 Nd5 14.
Be3 1/2-1/2

[Event "XVIII Festival A"]
[Site "Robecchetto con Induno ITA"]
[Date "2007.12.28"]
[Round "3"]
[White "Autino, Massimiliano"]
[Black "Bernasconi, Roberto"]
[Result "0-1"]
[WhiteElo "1827"]
[BlackElo "1940"]
[PlyCount "84"]
[EventDate "2007.12.27"]

1. d4 d5 2. Nf3 Nf6 3. e3 e6 4. Bd3 Be7 5. Nbd2 b6 6. c3 Nbd7 7. Qe2 Bb7 8. e4
dxe4 9. Nxe4 O-O 10. O-O Re8 11. Re1 Nf8 12. Ne5 c6 13. Ng5 c5 14. Ngxf7 Qd5
15. f3 cxd4 16. Bc4 Qc5 17. cxd4 Qxd4+ 18. Be3 Qh4 19. Ng5 Nd5 20. g3 Qh5 21.
f4 Qxe2 22. Rxe2 Nxe3 23. Rxe3 Bc5 24. Kf2 Rad8 25. Ke2 Bxe3 26. Kxe3 Re7 27.
f5 Bd5 28. Rd1 Rc8 29. Bxd5 exd5 30. Rxd5 h6 31. Ngf3 Nh7 32. Kd3 Nf6 33. Rd6
Rec7 34. Ng6 Re8 35. Nd4 Ne4 36. Ne6 Nxd6 37. Nxc7 Re1 38. Nh4 Rf1 39. g4 Rf2
40. Kd4 Rxh2 41. Nf3 Rxb2 42. Kd5 Nb5 0-1

[Event "XVIII Festival A"]
[Site "Robecchetto con Induno ITA"]
[Date "2007.12.28"]
[Round "3"]
[White "Brioschi, Camillo"]
[Black "Volpe, Antonio"]
[Result "1-0"]
[WhiteElo "1943"]
[BlackElo "1687"]
[PlyCount "69"]
[EventDate "2007.12.27"]

1. d4 c6 2. c4 d5 3. Nf3 Nf6 4. Nc3 e6 5. e3 Be7 6. Bd3 Na6 7. O-O Nb4 8. Be2
dxc4 9. Bxc4 b5 10. Be2 Bb7 11. a3 Nbd5 12. Qc2 O-O 13. b4 Rc8 14. Bb2 Nd7 15.
Ne4 h6 16. Nc5 Qc7 17. Rfe1 Rfe8 18. e4 Nf4 19. Bf1 Bd6 20. g3 Ng6 21. e5 Bxc5
22. dxc5 Ne7 23. Nd2 Rcd8 24. f4 Bc8 25. Ne4 Nd5 26. Nd6 Re7 27. Bg2 f6 28.
Bxd5 exd5 29. exf6 Nxf6 30. Bxf6 Rxe1+ 31. Rxe1 gxf6 32. Qg6+ Qg7 33. Re8+ Rxe8
34. Qxe8+ Kh7 35. Qxc8 1-0

[Event "XVIII Festival A"]
[Site "Robecchetto con Induno ITA"]
[Date "2007.12.28"]
[Round "3"]
[White "Burlando, Alessandro"]
[Black "Caloni, Ugo"]
[Result "1/2-1/2"]
[WhiteElo "2058"]
[BlackElo "2155"]
[PlyCount "33"]
[EventDate "2007.12.27"]

1. d4 d5 2. c4 e6 3. Nc3 Nf6 4. Bg5 Be7 5. Nf3 b6 6. cxd5 exd5 7. Qa4+ c6 8. g3
O-O 9. Bg2 Bb7 10. O-O Nbd7 11. Rfd1 h6 12. Bf4 Re8 13. Rac1 Nh5 14. Be3 Bd6
15. Nh4 Ndf6 16. Nf5 Bf8 17. Bf3 1/2-1/2

[Event "XVIII Festival A"]
[Site "Robecchetto con Induno ITA"]
[Date "2007.12.28"]
[Round "3"]
[White "Cereda, Loris"]
[Black "Fizzotti, Mario"]
[Result "1-0"]
[WhiteElo "2052"]
[BlackElo "1843"]
[PlyCount "67"]
[EventDate "2007.12.27"]

1. e4 e5 2. Nc3 Nf6 3. Bc4 Nc6 4. d3 d6 5. Nge2 Be7 6. O-O O-O 7. a3 Na5 8. Ba2
c5 9. Qe1 Nc6 10. f4 exf4 11. Nxf4 Nd4 12. Qd2 Ng4 13. Ncd5 Bg5 14. c3 Nc6 15.
Qe2 Nge5 16. h3 b6 17. Be3 Ba6 18. Rad1 Qd7 19. Qh5 Bxf4 20. Nxf4 Ne7 21. Rf2
N7g6 22. d4 Nxf4 23. Rxf4 Ng6 24. Rf2 Qe7 25. Bd5 Bb7 26. dxc5 dxc5 27. Qf3 Ne5
28. Qe2 Rad8 29. Bf4 Ng6 30. Bg3 Rd7 31. Bxb7 Rxd1+ 32. Qxd1 Qxb7 33. Qd5 Qe7
34. Bd6 1-0

[Event "XVIII Festival A"]
[Site "Robecchetto con Induno ITA"]
[Date "2007.12.28"]
[Round "3"]
[White "Cervini, Gian Piero"]
[Black "Marchesotti, Giovanni"]
[Result "1/2-1/2"]
[WhiteElo "1766"]
[BlackElo "1668"]
[PlyCount "75"]
[EventDate "2007.12.27"]

1. e4 c5 2. c3 Nf6 3. e5 Nd5 4. d4 e6 5. Nf3 cxd4 6. cxd4 Bb4+ 7. Bd2 Nc6 8.
Nc3 d6 9. Nxd5 Bxd2+ 10. Qxd2 exd5 11. h3 O-O 12. Bd3 Re8 13. Bb5 dxe5 14.
O-O-O Qb6 15. Bxc6 Qxc6+ 16. Kb1 Bf5+ 17. Ka1 e4 18. Ne5 Qd6 19. g4 Bg6 20. g5
f6 21. gxf6 gxf6 22. Ng4 Kf7 23. Qh6 Ke6 24. h4 Qf8 25. Qf4 Bh5 26. Rdg1 Bxg4
27. Rxg4 Qf7 28. f3 exf3 29. Qxf3 Rad8 30. Rg2 Kd7 31. Rc1 Rc8 32. Qf5+ Qe6 33.
Rg7+ Kd8 34. Rxc8+ Kxc8 35. Qc2+ Qc6 36. Qd1 Qe6 37. Qc2+ Qc6 38. Qd1 1/2-1/2